00408nam a2200157Ia 4500008004000000020001500040041000800055082001700063100004700080245002800127260004600155300001300201650001100214650001300225650001200238210210b2011 xxu||||| |||| 00| 0 eng d a0198074093 aeng a338.954 INDE aINDIA (Government of), ministry of finance aEconomic survey 2010-11 aNew DelhibOxford University Pressc2011 aviii,456 asurvey aEconomic a2010-11